Digital and Analog communication systems (Record no. 4260)

MARC details
005 - DATE AND TIME OF LATEST TRANSACTION
control field 20250618081322.0
020 ## - INTERNATIONAL STANDARD BOOK NUMBER
International Standard Book Number 0-02-325391-6
082 ## - DEWEY DECIMAL CLASSIFICATION NUMBER
Classification number LM 621.380 COU
100 ## - MAIN ENTRY--PERSONAL NAME
Author name COUCH, L. W.
245 ## - TITLE STATEMENT
Title Digital and Analog communication systems
260 ## - PUBLICATION, DISTRIBUTION, ETC.
Place of publication, distribution, etc. London,
Name of publisher, distributor, etc. Macmillan,
Date of publication, distribution, etc. 1990.
300 ## - PHYSICAL DESCRIPTION
Extent xxix, 766p.: ill.; figure, graph, table.
Other physical details Index,
Dimensions 24cm.
942 ## - ADDED ENTRY ELEMENTS (KOHA)
Source of classification or shelving scheme Dewey Decimal Classification
Koha item type Books
Holdings
Date last seen Total checkouts Full call number Barcode Cost, replacement price Price effective from Koha item type Lost status Source of classification or shelving scheme Damaged status Not for loan Withdrawn status Home library Current library Shelving location Date acquired Cost, normal purchase price
06/18/2025   LM 621.380 COU 00000010933 34110.00 06/18/2025 Books   Dewey Decimal Classification       College of Business Education Main Library College of Business Education Main Library General Collection 07/24/1995 11370.00